000 00706cam a2200241u 4500
001 32729
003 BD-RjUL
005 20211209051903.0
008 140428s1947 pk cf 000 0 eng
035 _a(BD-RjUL)32819
040 _aDLC
_cCarP
_dDLC
_dBD-RjUL
_beng
041 _aeng
082 _a297.947
_bBEM 1947
100 1 _aBedi, B. P. L.,
_d1909-
_q(Baba Pyare Lal)
_999553
245 0 0 _aMuslims in U. S. S. R. /
_cby B. P. L. Bedi.
250 _a1st ed.
260 _aLahore :
_bIndian Printing Works,
_c1947.
300 _avi (i.e. iv), iv, 19-204 p. :
_bplates, ports. ;
_c18 cm.
650 0 _aMuslims
_zSoviet Union.
_983103
942 _2ddc
_cBK
999 _c32729
_d32729